| 000 | 00474pam a2200157 a 4500 | ||
|---|---|---|---|
| 020 | _a0834803461 | ||
| 040 | _cDLC | ||
| 082 | 0 | 0 | _a738 WEA 1995 A086 Or. |
| 100 | 1 | _aWilson, Richard L., | |
| 245 | 1 | 0 |
_aInside Japanese ceramics : _ba primer of materials, techniques, and traditions / |
| 250 | _a1st ed. | ||
| 260 |
_aNew York : _bWeatherhill, _c1995. |
||
| 300 |
_a190 p., [16] p. of plates : _bill. (some col.), map ; _c27 cm. |
||
| 650 | 0 | _aPottery, Japanese | |
| 942 | _cEK | ||
| 999 |
_c12269 _d12269 |
||